[Event "48th Rilton Cup 2018"]
[Site "Stockholm"]
[Date "2019.01.02"]
[Round "6"]
[White "Lagarde, Maxime"]
[Black "Gopal G.N."]
[Result "1/2-1/2"]
[WhiteElo "2616"]
[BlackElo "2582"]
[Annotator "TA"]
[PlyCount "91"]
[EventDate "2018.12.27"]
[EventType "swiss"]
[EventCountry "SWE"]
[SourceTitle "playchess.com"]
[Source "ChessBase"]
[SourceQuality "1"]

{[%evp 19,91,0,0,0,7,8,36,39,20,17,46,45,45,48,47,61,55,12,22,0,2,6,7,-14,-9,-13,-16,-20,-17,-12,23,13,22,35,23,0,0,-17,-23,-17,-19,-40,-37,-43,-23,-56,-64,-170,-161,-139,-16,-12,-10,-9,-11,-14,-8,-8,-8,-8,-8,-8,-8,-8,-8,-8,-8,-8,-8,-8,-8,-8,-8,-8]} 1. d4 Nf6 2. c4 g6 3. Nc3 d5 4. Nf3 Bg7 5. h4 (5. Qb3 dxc4 6. Qxc4 O-O 7. e4 Nc6 8. Be2 e5 9. d5 Nd4 10. Nxd4 exd4 11. Qxd4 c6 12. Qc4 b5 13. Qxc6 Bd7 14. Qd6 Re8 15. Bg5 b4 16. Qxb4 Nxd5 17. Nxd5 Qxg5 {½-½ (33) Vidit,S (2711)-Vachier Lagrave,M (2780) chess.com INT 2018}) 5... c6 6. cxd5 {D90: Grünfeld: 4 Nf3 Bg7 sidelines} cxd5 7. Bf4 Nc6 8. e3 O-O 9. Qb3 Na5 10. Qb4 Nc6 {LiveBook: 5 Games} 11. Qa3 Bf5 12. Bb5 Qa5 (12... Rc8 {is interesting.} 13. O-O Nh5 14. Bh2 e6 15. Bxc6 Rxc6 16. Qxa7 Qe7) 13. Qxa5 Nxa5 14. Be5 $146 a6 15. Be2 e6 16. Nd2 h5 17. f3 Nc6 18. Bxf6 (18. g4 $5 Nxe5 19. dxe5 Nxg4 20. fxg4 hxg4 21. Rg1 $14) 18... Bxf6 19. a3 {Black should prevent g4.} e5 20. Nxd5 Bg7 21. Nb6 exd4 22. Nxa8 {e4 is the strong threat.} dxe3 23. Nc4 Rxa8 24. Rd1 Re8 25. Nd6 {[%mdl 64] [#] Double Attack} Re7 26. Nxf5 gxf5 27. b4 f4 28. g3 fxg3 29. Rd5 Be5 ({But not} 29... g2 $6 30. Rg1 $16) 30. f4 Bxf4 ({Weaker is} 30... g2 31. Rg1 $16) 31. O-O Be5 32. Rfd1 Kg7 33. R1d3 (33. Bxh5 $15 Nd4 34. Kf1) 33... f5 $19 34. Bxh5 e2 ({Better is} 34... Kf6 $17 {aiming for ...Rh7.} 35. Be2 Re6) 35. Bxe2 $11 {And now Rd7 would win.The position is equal.} Bd4+ 36. R5xd4 Nxd4 37. Rxg3+ {[%mdl 4096] Endgame KRB-KRN} Kf6 38. Bf1 Rh7 39. Rh3 Rxh4 {[%mdl 64] [#] Decoy} 40. Rxh4 Nf3+ {[%mdl 64] Double Attack} 41. Kf2 Nxh4 42. a4 Ke5 43. a5 Kd6 44. b5 axb5 45. Bxb5 Kc7 46. Bd3 {Accuracy: White = 59%, Black = 58%.} 1/2-1/2

[Event "48th Rilton Cup 2018"]
[Site "Stockholm"]
[Date "2019.01.02"]
[Round "6"]
[White "Donchenko, Alexander"]
[Black "Heberla, Bartlomiej"]
[Result "1/2-1/2"]
[WhiteElo "2604"]
[BlackElo "2550"]
[Annotator "TA"]
[PlyCount "78"]
[EventDate "2018.12.27"]
[EventType "swiss"]
[EventCountry "SWE"]
[SourceTitle "playchess.com"]
[Source "ChessBase"]
[SourceQuality "1"]

{[%evp 26,78,47,51,49,24,26,4,2,-19,-20,-16,-23,-18,0,-20,-14,-7,-7,-42,-41,-40,-40,-53,-19,-21,-14,-41,-43,-64,-30,-66,-24,-51,-33,-45,-19,-19,-19,-19,-19,-20,-19,-20,0,0,0,0,0,0,0,0,0,0,0]} 1. Nf3 g6 2. c4 Bg7 3. Nc3 e5 4. d4 exd4 5. Nxd4 Nc6 6. Nxc6 bxc6 7. g3 Ne7 8. Bg2 O-O 9. O-O d6 10. Bg5 Rb8 11. Qd2 f6 {A27: English Opening: Three Knights Variation} 12. Be3 c5 13. Rad1 Be6 14. b3 {LiveBook: 3 Games} Nf5 15. Bd5 Qd7 {[#]} 16. Bxe6+ $146 ({Predecessor:} 16. Bf4 g5 17. Qd3 Rf7 18. Bc1 Re8 19. e3 Bxd5 20. Nxd5 {0-1 (42) Van Wely,L (2691)-Ernst,S (2552) Wolvega 2012}) 16... Qxe6 17. Qd5 (17. Nd5 {feels hotter.} Rb7 18. h4 Re8 19. Rfe1 c6 20. Nf4) 17... Qxd5 18. Nxd5 Nxe3 19. Nxe3 Rfe8 20. Rfe1 f5 21. Rd3 a5 22. a4 Rb7 23. Nf1 Kf7 24. f4 Ke6 25. Kg2 Bf6 26. Red1 Kf7 27. Kf2 h5 28. h3 Re4 29. e3 Re8 30. Nd2 Rg8 31. Nf3 {The position is equal.} Rgb8 32. Rb1 Rb4 {[#] And now ...Rxc4! would win.} 33. Nd2 $1 Rg8 34. g4 hxg4 35. hxg4 Rh8 36. Kg3 Bh4+ 37. Kf3 {White wants to play g5.} Bf6 38. Kg3 Bh4+ 39. Kf3 Bf6 {Accuracy: White = 40%, Black = 48%.} 1/2-1/2

[Event "48th Rilton Cup 2018"]
[Site "Stockholm"]
[Date "2019.01.02"]
[Round "6"]
[White "Karthikeyan, Murali"]
[Black "Yeoh, Li Tian"]
[Result "1/2-1/2"]
[WhiteElo "2591"]
[BlackElo "2508"]
[Annotator "TA"]
[PlyCount "70"]
[EventDate "2018.12.27"]
[EventType "swiss"]
[EventCountry "SWE"]
[SourceTitle "playchess.com"]
[Source "ChessBase"]
[SourceQuality "1"]

{[%evp 16,70,29,39,54,24,35,27,27,35,40,26,27,27,46,27,22,22,20,13,20,10,29,0,0,0,0,0,0,0,0,-13,-15,-16,-16,-18,-18,-18,0,-2,-7,-7,0,0,0,0,0,0,0,0,0,-26,-26,-26,-26,-26,-21]} 1. Nf3 d5 2. g3 Nf6 3. Bg2 g6 4. c4 c6 5. b3 Bg7 6. Bb2 O-O 7. O-O a5 8. Nc3 Na6 {A11: English Opening: 1...c6} (8... Ne4 9. Na4 Bxb2 10. Nxb2 Na6 11. d3 Nf6 12. cxd5 Nxd5 13. Qd2 Bg4 14. Nc4 Bxf3 15. Bxf3 Nc5 16. d4 {½-½ (72) Anton Guijarro,D (2650)-Vidit,S (2689) Doha 2016}) 9. d4 {LiveBook: 12 Games} Ne4 10. e3 Bf5 {White has an edge.} 11. Nh4 Nxc3 12. Bxc3 Be6 13. Qe2 Nc7 $146 ({Predecessor:} 13... a4 14. Rfd1 axb3 15. axb3 Qd7 16. Nf3 Bg4 17. Qb2 Qf5 18. Nh4 {½-½ (56) Miklos,C (2052)-Apro,A (2189) Hungary 2010}) 14. a4 b6 15. Rac1 Qd7 16. Nf3 Rfd8 17. e4 Bg4 18. Rfd1 Rac8 19. Qe1 dxe4 20. Qxe4 Bxf3 21. Qxf3 Ne6 {[%cal Re6d4]} 22. d5 cxd5 $1 23. Rxd5 Qc7 24. Bd2 Nd4 25. Qd3 e6 26. Bf4 Qa7 27. Rxd8+ Rxd8 28. Rd1 Qe7 29. h4 h6 {[%cal Bh7h6,Bh6g5][%mdl 32]} 30. Kf1 g5 31. hxg5 hxg5 32. Be3 Bf6 33. Be4 Qb4 {Black has an edge.} 34. Bxd4 Rxd4 35. Qf3 Rxd1+ {Accuracy: White = 66%, Black = 77%.} 1/2-1/2

[Event "48th Rilton Cup 2018"]
[Site "Stockholm"]
[Date "2019.01.02"]
[Round "6"]
[White "Santos Latasa, Jaime"]
[Black "Urkedal, Frode Olav Olsen"]
[Result "1/2-1/2"]
[WhiteElo "2584"]
[BlackElo "2537"]
[Annotator "ChessBase"]
[PlyCount "88"]
[EventDate "2018.12.27"]
[EventType "swiss"]
[EventCountry "SWE"]
[SourceTitle "playchess.com"]
[Source "ChessBase"]
[SourceQuality "1"]
[TimeControl "40/5400+30:1800+30"]

1. d4 {[%emt 0:00:00]} Nf6 {[%emt 0:00:00]} 2. c4 {[%emt 0:00:00]} e6 {[%emt 0:00:00]} 3. Nc3 {[%emt 0:00:00]} Bb4 {[%emt 0:00:00]} 4. Qc2 {[%emt 0:00:00]} d5 {[%emt 0:00:00]} 5. cxd5 {[%emt 0:00:22]} exd5 {[%emt 0:00:00]} 6. Bg5 {[%emt 0:00:06]} h6 {[%emt 0:00:00]} 7. Bxf6 {[%emt 0:00:18]} Qxf6 {[%emt 0:00:02]} 8. a3 {[%emt 0:00:04]} Bxc3+ {[%emt 0:00:21]} 9. Qxc3 {[%emt 0:00:24]} O-O {[%emt 0:00:33]} 10. e3 {[%emt 0:00:07]} c6 {[%emt 0:01:17]} 11. Nf3 {[%emt 0:01:11]} Nd7 {[%emt 0:04:16]} 12. Be2 {[%emt 0:01:26]} Qe7 {[%emt 0:02:39]} 13. O-O {[%emt 0:00:32]} Nf6 {[%emt 0:00:03]} 14. Nd2 {[%emt 0:03:03]} Bf5 {[%emt 0:02:31]} 15. b4 {[%emt 0:00:47]} Rfc8 {[%emt 0:02:43]} 16. Rfc1 {[%emt 0:01:24]} Ne8 {[%emt 0:03:38]} 17. a4 {[%emt 0:03:40]} a6 {[%emt 0:04:18]} 18. Qb2 {[%emt 0:03:58]} Nd6 {[%emt 0:02:57]} 19. Ra3 {[%emt 0:00:56]} g6 {[%emt 0:12:46]} 20. h3 {[%emt 0:01:28]} h5 {[%emt 0:00:31]} 21. Rac3 {[%emt 0:05:41]} Bd7 {[%emt 0:00:44]} 22. Bd3 {[%emt 0:02:07]} Kg7 {[%emt 0:02:54]} 23. Nb3 {[%emt 0:04:54]} g5 {[%emt 0:16:38]} 24. Nc5 {[%emt 0:02:16]} Bf5 {[%emt 0:10:32]} 25. Bxf5 {[%emt 0:02:35]} Nxf5 {[%emt 0:03:21]} 26. b5 {[%emt 0:03:55]} axb5 {[%emt 0:00:07]} 27. axb5 {[%emt 0:00:05]} g4 {[%emt 0:00:08]} 28. bxc6 {[%emt 0:00:19]} bxc6 {[%emt 0:00:08]} 29. Qb7 {[%emt 0:00:25]} Qxb7 {[%emt 0:03:15]} 30. Nxb7 {[%emt 0:00:17]} g3 {[%emt 0:02:24]} 31. R3c2 {[%emt 0:07:02]} Ra3 {[%emt 0:05:56]} 32. Re1 {[%emt 0:01:12]} h4 {[%emt 0:00:51]} 33. Kf1 {[%emt 0:00:55]} Re8 {[%emt 0:01:33]} 34. Rce2 {[%emt 0:00:42]} Re6 {[%emt 0:06:52]} 35. Nc5 {[%emt 0:00:56]} Rf6 {[%emt 0:01:10]} 36. Nd7 {[%emt 0:04:51]} Nxe3+ {[%emt 0:03:27]} 37. Rxe3 {[%emt 0:00:05]} Rxf2+ {[%emt 0:00:05]} 38. Kg1 {[%emt 0:00:05]} Raa2 {[%emt 0:00:30]} 39. Ne5 {[%emt 0:00:26]} Rxg2+ {[%emt 0:01:59]} 40. Kh1 {[%emt 0:00:21]} Rh2+ {[%emt 0:01:10]} 41. Kg1 {[%emt 0:30:19]} Rag2+ {[%emt 0:33:54]} 42. Kf1 {[%emt 0:00:25]} Rf2+ {[%emt 0:00:00]} 43. Kg1 {[%emt 0:00:00]} Rfg2+ {[%emt 0:00:00]} 44. Kf1 {[%emt 0:00:00]} Rf2+ 1/2-1/2

[Event "48th Rilton Cup 2018"]
[Site "Stockholm"]
[Date "2019.01.02"]
[Round "6"]
[White "Moroni, Luca Jr"]
[Black "Kobalia, Mikhail"]
[Result "1/2-1/2"]
[WhiteElo "2564"]
[BlackElo "2620"]
[Annotator "TA"]
[PlyCount "80"]
[EventDate "2018.12.27"]
[EventType "swiss"]
[EventCountry "SWE"]
[SourceTitle "playchess.com"]
[Source "ChessBase"]
[SourceQuality "1"]

{[%evp 11,80,36,43,19,47,39,52,34,43,35,47,33,46,33,57,48,49,58,54,51,48,7,15,22,48,25,49,22,19,19,18,0,6,8,6,15,31,14,7,7,2,2,7,0,0,0,7,0,0,0,0,0,0,0,0,0,0,-11,-9,-9,0,0,0,0,0,0,0,0,0,0,0]} 1. d4 d5 2. c4 c6 3. Nf3 Nf6 4. e3 a6 5. Nbd2 Bf5 6. Nh4 {D11: Slav Defence: 3 Nf3 sidelines and 3...Nf6 4 e3 Bg4} Be6 {LiveBook: 4 Games} 7. b3 g6 $146 ({Predecessor:} 7... Nbd7 8. Bb2 g5 9. Nhf3 g4 10. Nh4 Bh6 11. Qc2 Bg5 12. Nf5 Bxf5 13. Qxf5 Rg8 {½-½ (61) Karpov,A (2619)-Ivanchuk,V (2733) Cap d'Agde 2013}) 8. Bb2 {White is slightly better.} Bg7 9. Bd3 O-O 10. O-O Nbd7 11. f4 Ng4 12. Qe2 f5 13. Ndf3 Ndf6 14. h3 Nh6 15. Ne5 Ne4 16. Bxe4 fxe4 17. g4 Qe8 18. Kh1 Bd7 19. cxd5 cxd5 {[#] ...Bb5 is the strong threat.} 20. Rfc1 Qd8 21. Rc5 Bb5 22. Qe1 Nf7 23. a4 Be8 24. Rac1 e6 {The position is equal.} 25. Ng2 Nxe5 26. dxe5 Rf7 27. Qh4 Qxh4 28. Nxh4 Bc6 29. Bd4 Bf8 30. R5c2 Ba3 31. Ra1 Be7 32. Ng2 Rc8 33. Kg1 Rff8 34. Ne1 Bd7 35. Rac1 Bc6 36. Kh2 Ba3 37. Ra1 Bb4 38. Rac1 Ba3 39. Ra1 Bb4 40. Rac1 Ba3 {Precision: White = 55%, Black = 57%.} 1/2-1/2

[Event "48th Rilton Cup 2018"]
[Site "Stockholm"]
[Date "2019.01.02"]
[Round "6"]
[White "Debashis, Das"]
[Black "Bellon Lopez, Juan Manuel"]
[Result "1-0"]
[WhiteElo "2544"]
[BlackElo "2349"]
[Annotator "TA"]
[PlyCount "65"]
[EventDate "2018.12.27"]
[EventType "swiss"]
[EventCountry "SWE"]
[SourceTitle "playchess.com"]
[Source "ChessBase"]
[SourceQuality "1"]

{[%evp 10,65,37,46,85,28,42,47,122,46,46,49,55,47,65,76,60,31,25,10,38,38,41,40,54,34,75,90,87,86,75,67,84,71,81,81,154,154,152,152,173,175,172,145,137,133,147,145,130,138,140,133,137,139,182,182,525,515]} 1. d4 Nf6 2. c4 a6 {[%cal Ba7a6,Ba6b5,Bb5b4][%mdl 32]} 3. Nc3 c5 4. Nf3 cxd4 5. Nxd4 e5 (5... e6 6. e4 Qc7 7. a3 b6 8. Be3 Bb7 9. f3 Nc6 10. Rc1 Nxd4 11. Bxd4 Bd6 12. g3 h5 13. Qd2 h4 14. g4 Bf4 15. Be3 Bxe3 16. Qxe3 {½-½ (52) Carlsen,M (2881)-Morozevich,A (2731) Dubai 2014}) 6. Nc2 {LiveBook: 8 Games. A31: Symmetrical English: 2 Nf3 Nf6 3 d4} b5 7. cxb5 $146 ({Better is} 7. e4 $16) ({Predecessor:} 7. Bg5 Bb7 8. e3 Be7 9. Bxf6 Bxf6 10. Nd5 O-O 11. Qd2 Bxd5 12. cxd5 e4 13. O-O-O {0-1 (40) Marsalek,Z (2167)-Talla,V (2424) Banska Stiavnica 2016}) 7... axb5 8. Bg5 {White is slightly better.} Qa5 {[#]} (8... Bb7 $14) 9. Bxf6 (9. a3 $1 $16) 9... b4 $1 $14 10. Bxe5 Qxe5 11. Qd5 $1 {[%cal Rd5e5]} Ra5 $1 {[%cal Ra5d5]} 12. Qxe5+ Rxe5 13. Nd1 Bb7 14. e3 Ra5 15. f3 Nc6 16. Bc4 Be7 17. Bb3 O-O 18. Nf2 Rg5 19. O-O Na5 20. Nd4 Nxb3 21. axb3 Re5 22. Rfe1 Ra8 (22... Bc5 $142) 23. Rxa8+ $16 Bxa8 24. Nd3 Rd5 25. Ra1 Bc6 26. Nxc6 dxc6 $18 {[%mdl 4096] Endgame KRB-KRN} 27. Ra8+ Bf8 28. Nxb4 $1 {[%mdl 64] [#] Double Attack} Rd1+ 29. Kf2 Rd2+ 30. Kg3 c5 31. Nc6 {White threatens Ne7+ and mate.} g6 32. Ne5 Rxb2 $2 (32... Kg7 33. Nc4 Rd3) 33. Nd7 $1 {[%csl LRc5,LRf8] Accuracy: White = 57%, Black = 46%.} 1-0

[Event "48th Rilton Cup 2018"]
[Site "Stockholm"]
[Date "2019.01.02"]
[Round "6"]
[White "Lalith Babu M R"]
[Black "Gajewski, Grzegorz"]
[Result "0-1"]
[WhiteElo "2529"]
[BlackElo "2598"]
[Annotator "ChessBase"]
[PlyCount "62"]
[EventDate "2018.12.27"]
[EventType "swiss"]
[EventCountry "SWE"]
[SourceTitle "playchess.com"]
[Source "ChessBase"]
[SourceQuality "1"]
[TimeControl "40/5400+30:1800+30"]

1. d4 {[%emt 0:00:00]} Nf6 {[%emt 0:00:00]} 2. c4 {[%emt 0:00:00]} e6 {[%emt 0:00:00]} 3. Nf3 {[%emt 0:00:14]} d5 {[%emt 0:00:00]} 4. g3 {[%emt 0:00:06]} Bb4+ {[%emt 0:00:00]} 5. Bd2 {[%emt 0:00:06]} Be7 {[%emt 0:00:03]} 6. Bg2 {[%emt 0:00:07]} O-O {[%emt 0:00:06]} 7. O-O {[%emt 0:00:07]} Nbd7 {[%emt 0:00:03]} 8. Qc2 {[%emt 0:00:11]} c6 {[%emt 0:00:14]} 9. Bf4 {[%emt 0:00:09]} b6 {[%emt 0:00:16]} 10. Rd1 {[%emt 0:00:56]} Bb7 {[%emt 0:01:06]} 11. Ne5 {[%emt 0:01:35]} Nh5 {[%emt 0:00:10]} 12. Bd2 {[%emt 0:04:21]} Nhf6 {[%emt 0:00:14]} 13. cxd5 {[%emt 0:00:59]} cxd5 {[%emt 0:00:03]} 14. Nc6 {[%emt 0:00:06]} Bxc6 {[%emt 0:00:06]} 15. Qxc6 {[%emt 0:00:04]} Rc8 {[%emt 0:00:08]} 16. Qb5 {[%emt 0:00:07]} Ne8 {[%emt 0:00:34]} 17. Qd3 {[%emt 0:01:57]} Nd6 {[%emt 0:00:09]} 18. Nc3 {[%emt 0:00:13]} Nf6 {[%emt 0:00:18]} 19. b3 {[%emt 0:00:48]} Qd7 {[%emt 0:01:12]} 20. f3 {[%emt 0:09:27]} Nf5 {[%emt 0:02:19]} 21. e3 {[%emt 0:02:16]} h5 {[%emt 0:03:09]} 22. Ne2 {[%emt 0:13:25]} Rfd8 {[%emt 0:00:20]} 23. Rac1 {[%emt 0:00:43]} Rxc1 {[%emt 0:11:37]} 24. Rxc1 {[%emt 0:00:12]} g5 {[%emt 0:01:54]} 25. e4 {[%emt 0:23:05]} dxe4 {[%emt 0:00:28]} 26. fxe4 {[%emt 0:00:04]} Nxd4 {[%emt 0:00:27]} 27. Qxd4 {[%emt 0:03:58]} Qb5 {[%emt 0:08:33]} 28. Qe3 {[%emt 0:13:55]} Ng4 {[%emt 0:02:13]} 29. Qf3 {[%emt 0:00:44]} Bc5+ {[%emt 0:03:40]} 30. Kh1 {[%emt 0:00:27]} Nf2+ {[%emt 0:02:39]} 31. Kg1 {[%emt 0:00:05]} Rxd2 {[%emt 0:00:37]} 0-1

[Event "48th Rilton Cup 2018"]
[Site "Stockholm"]
[Date "2019.01.02"]
[Round "6"]
[White "Santos Ruiz, Miguel"]
[Black "Raja Rithvik R"]
[Result "1-0"]
[WhiteElo "2523"]
[BlackElo "2415"]
[Annotator "TA"]
[PlyCount "65"]
[EventDate "2018.12.27"]
[EventType "swiss"]
[EventCountry "SWE"]
[SourceTitle "playchess.com"]
[Source "ChessBase"]
[SourceQuality "1"]

{[%evp 16,65,21,23,26,21,26,25,16,6,43,43,50,39,93,57,60,44,50,31,37,27,85,91,101,100,145,48,63,60,148,173,226,187,360,343,418,413,448,448,468,450,526,480,709,632,718,714,694,685,657,634]} 1. d4 Nf6 2. c4 e6 3. Nc3 Bb4 4. e3 b6 5. Nge2 c5 6. a3 Ba5 7. Rb1 Qe7 8. d5 {E42: Nimzo-Indian: Rubinstein: 4...c5 5 Ne2} (8. g3 cxd4 9. exd4 Bb7 10. d5 Bxc3+ 11. bxc3 O-O 12. Bg2 d6 13. O-O Qc7 14. Nd4 Qxc4 15. Rb4 Qc8 16. dxe6 Bxg2 17. exf7+ Rxf7 18. Kxg2 {½-½ (50) Di Berardino,D (2525)-Cruz,C (2576) Montevideo 2018}) 8... exd5 9. cxd5 {[%cal Bc4d5,Bd5d6][%mdl 32] LiveBook: 8 Games} O-O 10. Ng3 {White has an edge.} g6 11. Bd2 $146 {[#] Qf3 is the strong threat.} ({Predecessor:} 11. Qf3 Bxc3+ 12. bxc3 d6 13. c4 Ng4 14. Qd1 f5 15. Be2 Nd7 {½-½ (34) Rutten,B-Lefebvre,A (1999) ICCF email 2014}) 11... Bxc3 12. Bxc3 {And now Qf3 would win.} Bb7 13. d6 Qe6 14. b4 $36 {[%mdl 2048] Black is under pressure.} Ne4 (14... Nc6 $14) 15. Nxe4 Bxe4 16. Rc1 Nc6 17. f3 Bd5 18. Kf2 Rae8 (18... cxb4 $11 {remains equal.} 19. axb4 f6) 19. Qd2 $16 cxb4 20. axb4 {[%cal Ba3b4,Bb4b5,Bb5a6][%mdl 32]} Ne5 21. Qd4 (21. e4 $16 Bc6 22. b5) 21... f6 $14 22. Bb2 Kg7 (22... Rc8 $14) 23. e4 $16 Ba8 (23... Bb3 {is a better defense.} 24. Rc7 Nc6) 24. Rc7 $18 Rf7 $2 {[#]} (24... Rb8 25. b5 Rbc8) 25. b5 Qb3 26. Be2 h5 27. Ra1 {White is clearly winning.} a5 28. bxa6 h4 29. h3 Kh7 (29... Bc6 $142 30. a7 Ra8) 30. Kg1 b5 31. Ra3 Qe6 32. Bxb5 Rb8 33. Bf1 {Accuracy: White = 76%, Black = 27%.} 1-0

[Event "48th Rilton Cup 2018"]
[Site "Stockholm"]
[Date "2019.01.02"]
[Round "6"]
[White "Thybo, Jesper Sondergaard"]
[Black "Haug, Johannes"]
[Result "1-0"]
[WhiteElo "2519"]
[BlackElo "2402"]
[Annotator "TA"]
[PlyCount "105"]
[EventDate "2018.12.27"]
[EventType "swiss"]
[EventCountry "SWE"]
[SourceTitle "playchess.com"]
[Source "ChessBase"]
[SourceQuality "1"]

{[%evp 30,105,21,0,8,6,6,6,6,0,14,0,0,0,49,54,38,35,35,50,45,26,67,73,153,161,161,154,153,146,154,153,167,179,164,179,163,166,308,308,327,318,322,320,286,258,338,330,606,606,465,450,445,420,617,617,1350,957,4652,3554,29942,12758,5602,5102,29973,29974,29979,29980,29980,29981,29981,29982,29982,29980,29979,29980,29983,29981]} 1. Nf3 d5 2. d4 Nf6 3. c4 e6 4. Nc3 c5 5. cxd5 Nxd5 6. e4 Nxc3 7. bxc3 cxd4 8. cxd4 Bb4+ 9. Bd2 Bxd2+ 10. Qxd2 O-O 11. Bc4 Nd7 12. O-O b6 13. Rad1 Bb7 14. Rfe1 Rc8 {D41: Queen's Gambit Declined: Semi-Tarrasch with 5 cxd5} 15. Bb3 Qf6 (15... Re8 16. h3 Nf6 17. Qf4 Nh5 18. Qh2 h6 19. d5 exd5 20. e5 g6 21. Nd4 Ng7 22. Nb5 {½-½ (54) Mamedyarov,S (2820)-Ding,L (2804) Batumi 2018}) 16. d5 {LiveBook: 5 Games} exd5 {The position is equal.} 17. e5 Qg6 18. Nd4 Nc5 19. Bc2 Ne4 20. Qf4 {[#]} Rxc2 $146 {[%mdl 512]} ({Predecessor:} 20... f6 21. e6 Qg5 22. Qxg5 fxg5 {1-0 (34) Ding,L (2717)-Jovanic,O (2526) Cappelle-la-Grande 2014}) 21. Nxc2 d4 {Strongly threatening ...Nc3.} (21... Nc5 $5 {[%cal Rg6c2]} 22. Ne3 Nd3 23. Rxd3 Qxd3 $11) 22. Nxd4 Nc3 {[%csl Gb7][%cal Rg6g2][%mdl 64] Double Attack} 23. f3 Nxd1 24. Nf5 {And now Ne7+ would win.} Kh8 25. Rxd1 {Threatens to win with Rd6.} Bc8 26. Qb4 $1 {[%cal Rb4f8]} Rg8 (26... Re8 $142 27. Nd6 Rg8) 27. Ne7 $1 $16 {[%cal Re7g6]} Qc2 28. Qd6 Re8 {[#]} 29. Qd8 $1 $40 {[%cal Rd8e8][%mdl 640] Black is in trouble.} Qa4 ({Not} 29... Qc5+ $2 30. Kh1 $18) (29... Rxd8 30. Rxd8#) 30. Nxc8 h6 31. Qd7 Qxd7 32. Rxd7 Rxc8 33. Rxf7 $18 {[%mdl 4096] Endgame KR-KR} Rc1+ (33... a5 $142 34. Rb7 Kg8 35. Rxb6 Rc2) 34. Kf2 Rc2+ 35. Ke3 Kg8 36. Rxa7 Rxg2 37. h4 Rh2 38. f4 Rxh4 $2 (38... b5 39. e6 Kf8 40. Rf7+ Kg8) 39. e6 {Ra8+ is the strong threat.} Kf8 40. Rf7+ $1 Kg8 41. Rf5 $1 {Threatening mate with e7.} Rh1 (41... Rh3+ $142 42. Kd4 Ra3) 42. Kd4 $1 Re1 {[#]} 43. Kd5 $1 ({Weaker is} 43. Re5 Rxe5 44. Kxe5 Kf8 $11) 43... g6 {[#]} 44. Rf6 $1 {[%cal Rf6g6]} Kg7 45. Rf7+ Kg8 46. Kd6 Rd1+ 47. Ke5 {White mates.} Rf1 48. f5 gxf5 49. Kf6 Rc1 50. Rg7+ Kh8 51. e7 {[%cal Re7e8]} Rc8 52. Kf7 f4 53. Rg1 {Accuracy: White = 80%, Black = 35%.} 1-0

[Event "48th Rilton Cup 2018"]
[Site "Stockholm"]
[Date "2019.01.02"]
[Round "6"]
[White "Blomqvist, Erik"]
[Black "Sawatzki, Frank"]
[Result "1-0"]
[WhiteElo "2497"]
[BlackElo "2392"]
[Annotator "TA"]
[PlyCount "63"]
[EventDate "2018.12.27"]
[EventType "swiss"]
[EventCountry "SWE"]
[SourceTitle "playchess.com"]
[Source "ChessBase"]
[SourceQuality "1"]

{[%evp 22,63,44,24,71,70,62,60,66,56,68,64,106,103,110,101,106,93,163,87,183,151,141,151,187,165,200,202,219,218,383,336,314,330,320,244,245,204,206,191,352,376,510,491]} 1. Nf3 d5 2. g3 Nf6 3. Bg2 c6 4. O-O Bf5 5. c4 e6 6. cxd5 cxd5 7. Qb3 Qb6 8. Qxb6 axb6 9. d3 Nc6 10. Nc3 Bc5 {A11: English Opening: 1...c6} 11. Bd2 O-O (11... Ke7 12. Rfc1 Rhc8 13. Nb5 Bg4 14. a3 Ne8 15. h3 Bxf3 16. Bxf3 Nd6 17. Nxd6 Bxd6 18. e3 {½-½ (51) Karjakin,S (2773)-Aronian,L (2767) Saint Louis 2018}) 12. a3 {LiveBook: 3 Games} Nd4 {White has an edge.} 13. Nxd4 Bxd4 14. Rab1 Nd7 $146 ({Predecessor:} 14... Bxc3 15. Bxc3 Nd7 16. h3 Bg6 {1-0 (67) Weindl,A (2350)-Rhodin,C (2245) Switzerland 1993}) 15. Nb5 Bf6 $1 16. b4 Rfc8 17. e4 Bg6 18. f4 dxe4 19. dxe4 {[%cal Bd3e4,Be4e5][%mdl 32]} e5 {[#]} (19... Rc2 $16) 20. Be3 (20. Bf3 $1 $18 {f5 is the strong threat.} exf4 21. gxf4) 20... Rc2 (20... Bh5 $16) 21. Rf2 Rxf2 22. Bxf2 exf4 23. gxf4 Bh5 24. e5 Be7 25. Rc1 g5 $2 (25... Bg4 26. h3 (26. Bxb7 Rb8 $18) 26... Be6) 26. Bxb7 Rd8 27. Nd4 gxf4 28. Nc6 Re8 29. Nxe7+ Rxe7 30. Rc7 {[#] Strongly threatening Bh4.} Kf8 $2 (30... Bg4 31. Bd4 h5) 31. a4 $18 Be2 32. Bd4 {Accuracy: White = 89%, Black = 29%.} 1-0